History Quiz

Random History or Capital Quiz

Capital Punishment Quiz Stats

 Plays Quiz not verified by Sporcle

Challenge
Share
Tweet
Embed
Score 0/13 Timer 10:00
0 Plays Today
% Correct
Hanging
94.1%
Electric Chair
92.9%
Drowing
92.9%
Burning to death
92.9%
Gas Chamber
91.8%
Cruifixion
90.6%
Firing Squad
90.6%
Lethal Injection
89.4%
Buried Alive
87.1%
Crushing
81.2%
Guillotine
78.8%
Cliff
78.8%
Sawing
78.8%

You're not logged in!

Compare scores with friends on all Sporcle quizzes.
Join for Free
OR
Log In

You Might Also Like...

Show Comments

Extras

Top Quizzes Today


Score Distribution

Your Account Isn't Verified!

In order to create a playlist on Sporcle, you need to verify the email address you used during registration. Go to your Sporcle Settings to finish the process.

Report this User

Report this user for behavior that violates our Community Guidelines.

Details: